Undergraduate Commutative Algebra (Record no. 2405)

MARC details
000 -LEADER
fixed length control field 01113cam a2200301 a 4500
001 - CONTROL NUMBER
control field 1597544
003 - CONTROL NUMBER IDENTIFIER
control field OSt
005 - DATE AND TIME OF LATEST TRANSACTION
control field 20240419120114.0
008 - FIXED-LENGTH DATA ELEMENTS--GENERAL INFORMATION
fixed length control field 940615s1995 enka b 001 0 eng
010 ## - LIBRARY OF CONGRESS CONTROL NUMBER
LC control number 94027644
020 ## - INTERNATIONAL STANDARD BOOK NUMBER
International Standard Book Number 0521452554 (hardback)
020 ## - INTERNATIONAL STANDARD BOOK NUMBER
International Standard Book Number 0521458897 (pbk.)
040 ## - CATALOGING SOURCE
Original cataloging agency DLC
Transcribing agency DLC
Modifying agency DLC
050 00 - LIBRARY OF CONGRESS CALL NUMBER
Classification number QA251.3
Item number .R45 1995
082 00 - DEWEY DECIMAL CLASSIFICATION NUMBER
Classification number 512 REI 1995
Edition number 20
100 1# - MAIN ENTRY--PERSONAL NAME
Personal name Reid, Miles
9 (RLIN) 5969
245 10 - TITLE STATEMENT
Title Undergraduate Commutative Algebra
260 ## - PUBLICATION, DISTRIBUTION, ETC. (IMPRINT)
Place of publication, distribution, etc. Cambridge;
Name of publisher, distributor, etc. Cambridge University Press,
Date of publication, distribution, etc. 1995.
300 ## - PHYSICAL DESCRIPTION
Extent xiii, 153 p. :
Other physical details ill. ;
Dimensions 24 cm.
440 #0 - SERIES STATEMENT/ADDED ENTRY--TITLE
Title London Mathematical Society student texts ;
Volume/sequential designation 29
9 (RLIN) 5970
504 ## - BIBLIOGRAPHY, ETC. NOTE
Bibliography, etc Includes bibliographical references (p. 149) and index.
650 #0 - SUBJECT ADDED ENTRY--TOPICAL TERM
Topical term or geographic name as entry element Algebra.
9 (RLIN) 5971
856 42 - ELECTRONIC LOCATION AND ACCESS
Materials specified Publisher description
Uniform Resource Identifier http://www.loc.gov/catdir/description/cam026/94027644.html
856 41 - ELECTRONIC LOCATION AND ACCESS
Materials specified Table of contents
Uniform Resource Identifier http://www.loc.gov/catdir/toc/cam027/94027644.html
906 ## - LOCAL DATA ELEMENT F, LDF (RLIN)
a 7
b cbc
c orignew
d 1
e ocip
f 19
g y-gencatlg
942 ## - ADDED ENTRY ELEMENTS (KOHA)
Source of classification or shelving scheme Dewey Decimal Classification
Koha item type Short Loan
Holdings
Withdrawn status Lost status Source of classification or shelving scheme Damaged status Not for loan Home library Current library Date acquired Source of acquisition Inventory number Total Checkouts Full call number Barcode Date last seen Koha item type Price effective from
    Dewey Decimal Classification     MUST Main Library MUST Main Library 03/11/2015 Donation 00/13535   512 REI 1995 2015-2419 03/11/2015 Open Shelf  
    Dewey Decimal Classification     MUST Main Library MUST Main Library 17/06/2024 Purchase 03/20638   512 REI 1995 2024-20626 17/06/2024 Short Loan 17/06/2024